| 000 | 00553nam a2200181Ia 4500 | ||
|---|---|---|---|
| 003 | LK-CoDNM | ||
| 005 | 20240229142409.0 | ||
| 008 | 010623t1903 xxu||||| |||| 00| 1 sin d | ||
| 040 |
_aLK-CoDNM _dLK-CoDNM _eLK-CoDNM |
||
| 041 | _asin | ||
| 080 | _a104 X10 | ||
| 100 | _aFonseka,Karlu.Edman | ||
| 245 | _aශ්රී වක්ත්ර මණ්ඩල භක්තිය | ||
| 246 | _aJeesusvaami daruvan vahanseegee sri vaktra mandalaya bhakthiya | ||
| 260 |
_bCatholika press _aColombo _c1903 |
||
| 300 |
_bDamaged _a57p.,14 cm |
||
| 942 | _cBK | ||
| 999 |
_c85689 _d85689 |
||